000 01099nam a22002777a 4500
999 _c20158
_d20158
005 20200104041802.0
008 180419b xxu||||| |||| 00| 0 spa d
020 _a9789585418271
040 _aCO-BoIAVH
_cCO-BoIAVH
041 _aspa
044 _ack
082 _a578.76
_bL33a
100 _aLasso, Carlos A.
_eeditor
245 1 0 _aÁreas clave para la conservación de la Biodiversidad dulceacuicola amenazada en Colombia:
_bmoluscos, cangrejos, peces, tortugas, cocodrilos, aves y mamiferos
260 _aBogotá:
_bInstituto de Investigación de Recursos Biológicos Alexander von Humboldt,
_c2017.
300 _a353. págiinas
_bilustraciones a color
_c16.5 x 24cm
490 _aSerie recursos hidrobiológicos y pesqueros continentales de Colombia;
_vXVI
650 1 4 _aBiodiversidad acuatica
650 1 4 _aAmbientes acuaticos
650 1 4 _aBiodiversidad acuática
650 1 4 _aIctiología
650 1 4 _aEspecies amenazadas
700 _aCórdoba, Diego
_deditor
700 _aMorales Betancourt, Monica
942 _2ddc
_cLIBRO